00320nam a2200121Ia 4500008004100000100001500041245004900056260002300105300000900128650003700137942000700174999001700181190216s9999||||xx |||||||||||||| ||und|| aWishan Das 0aRefresher Course In History Of Great Britain bS Chand & Coc1984 a533p aWorld History-History Of Britain cBK c19564d19564